Top 100 Subscribed YouTubers - Statistics

General Stats
  • This quiz has been taken 109 times
  • The average score is 11 of 100
Answer Stats
Rank YouTuber % Correct
1 PewDiePie
96%
21 Markiplier
46%
5 Smosh
46%
40 T-Series
46%
39 jacksepticeye
43%
4 JustinBieberVEVO
40%
13 NigaHiga
34%
22 KSI
31%
6 RihannaVEVO
30%
11 EminemVEVO
26%
36 TheDiamondMinecart // DanTDM
26%
43 Zoella
26%
29 VEVO
25%
47 Dude Perfect
24%
8 TaylorSwiftVEVO
21%
2 HolaSoyGerman
20%
15 JennaMarbles
20%
10 KatyPerryVEVO
20%
31 ArianaGrandeVEVO
19%
12 VanossGaming
19%
7 OneDirectionVEVO
15%
91 Tyler Oakley
15%
28 WatchMojo.com
15%
14 TheEllenShow
14%
3 YouTube Spotlight
14%
55 BeyoncéVEVO
13%
49 Ray William Johnson
13%
32 Sky Does Minecraft
13%
61 CaptainSparklez
11%
72 Ed Sheeran
11%
18 Fine Brothers Entertainment
11%
66 IISuperwomanII
11%
20 JuegaGerman
11%
84 PopularMMO's
11%
33 WWE
11%
56 SelenaGomezVEVO
10%
27 AdeleVEVO
9%
44 NickiMinajAtVEVO
9%
67 officialpsy
9%
65 RomanAtwoon
9%
50 Bruno Mars
8%
9 elrubiusOMG
8%
23 ERB
8%
46 Good Mythical Morning
8%
26 Machinima
8%
100 stampylonghead
8%
24 Fernanfloo
6%
70 shakiraVEVO
6%
85 Ali-A
5%
42 CollegeHumor
5%
51 Maroon5VEVO
5%
57 TheSyndicateProject
5%
38 The Tonight Show Starring Jimmy Fallon
5%
17 VEGETTA777
5%
16 Yuya
5%
52 BuzzFeedVideo
4%
63 DemiLovatoVEVO
4%
41 FailArmy
4%
69 fouseyTUBE
4%
79 MileyCyrusVEVO
4%
19 Spinnin' Records
4%
89 The Slow Mo Guys
4%
58 TheWillyrex
4%
48 Vsauce
4%
59 whinderssonnunes
4%
62 AviciiOfficialVEVO
3%
90 Bart Baker
3%
53 Bethany Mota
3%
71 BFvsGF
3%
92 CanalCanalha
3%
35 David Guetta
3%
93 Jimmy Kimmel Live
3%
60 Movieclips Trailers
3%
30 Porta dos Fundos
3%
54 PrankvsPrank
3%
25 Skrillex
3%
34 Werevertumorro
3%
81 Wiz Khalifa
3%
98 CalvinHarrisVEVO
1%
76 ChrisBrownVEVO
1%
82 EeOneGuy
1%
37 enchufetv
1%
77 Michell Phan
1%
86 Parafernalha
1%
95 PitbullVEVO
1%
45 PTXofficial
1%
80 Rclbeauty101
1%
97 RocketJump
1%
75 Rooster Teeth
1%
78 SMTOWN
1%
74 5incominutos
0%
83 boyceavenue
0%
94 CrazyRussianHacker
0%
64 Cyprien
0%
73 DrossRotzank
0%
96 EnriqueIglesiasVEVO
0%
87 Galo Frito
0%
88 Lindsey Sterling
0%
99 NORMAN FAIT DES VIDÉOS
0%
68 VitalyzdTv
0%
No matching quizzes found
Score Distribution
Percent of People with Each Score
Percentile by Number Answered
Your Score History
You have not taken this quiz